• 首页
  • 本馆介绍
  • 公告通知
  • 最新文献
  • 馆藏检索
  • 电子资源
  • 读者导购
  • 参考咨询
  • 我的图书馆
  • 登录
  • 详细信息显示
  • 放入我的书架
  • 预约/预借图书
  • 作者相关作品
  • 分类相关作品
  • 丛书相关作品
  • 出版社相关作品

书目信息

  • 表格格式
  • 工作单格式
  • 卡片格式
题名:
新编中国近代史话
    
 
作者: 王凡 编著
分册:  
出版信息: 北京   华龄出版社  1991.6
页数: 290页
开本: 19cm
丛书名:
单 册:
中图分类: K250.9 , K25
科图分类:
主题词: 近代史--中国--通俗读物
电子资源:
ISBN: 7-80082-119-6
000 00785nam0 2200253 45
001 0192000019
005 20061114150820.28
010    @a7-80082-119-6@dCNY4.30
100    @a19920115d1991 em y0chiy0121 ea
101 0  @achi
102    @aCN@b110000
105    @ay z 000yy
200 10 @a新编中国近代史话@AXIN BIAN ZHONG GUO JIN DAI SHI HUA@f王 凡编著@FWANG FAN BIAN ZHU
210    @a北京@c华龄出版社@d1991.6
215    @a290页@d19cm
517 1  @a中国近代史话@AZHONG GUO JIN DAI SHI HUA
540 1  @a新编 中国 近代 史话@AXIN BIAN ZHONG GUO JIN DAI SHI HUA
606    @a近代史@y中国@x通俗读物
607    @a中国-近代史@x通俗读物
690    @aK250.9@v三版
690    @aK25@v3
701  0 @a王凡@AWANG FAN@4编著
801  0 @aCN@bTSSF@c20061114
905    @a10447@dK25@e107
    
    新编中国近代史话/王 凡编著.-北京:华龄出版社,1991.6
    290页;19cm
    
    
    ISBN 7-80082-119-6:CNY4.30
    
●
相关链接 在E读中查询图书 在五车中查询图书 在当当中查询图书 在豆瓣中查询图书


正题名:新编中国近代史话     索取号:K25/107         预约/预借

序号 登录号 条形码 馆藏地/架位号 状态 备注
1 0253309   000190215   第二样本阅览室/ [索取号:K25/107] 在馆    
唐山师范学院图书馆 欢迎您!
大连网信软件有限公司© 版权所有